[Event "Politiken zt"]
[Site "Munkebo"]
[Date "1998.09.10"]
[Round "1.1"]
[White "Petursson, Margeir"]
[Black "Thorhallsson, Throstur"]
[Result "0-1"]
[WhiteElo "2555"]
[BlackElo "2495"]
[Annotator "Psakhis,L"]
[PlyCount "72"]
[EventDate "1998.09.10"]
[EventType "k.o."]
[EventRounds "5"]
[EventCountry "DEN"]
[SourceTitle "CBM 067"]
[Source "ChessBase"]
[SourceDate "1998.11.30"]
[SourceVersion "2"]
[SourceVersionDate "1998.11.01"]
[SourceQuality "1"]

1. c4 c6 2. e4 d5 3. exd5 cxd5 4. d4 Nf6 5. Nc3 e6 6. Nf3 Bb4 7. Bd3 O-O 8. O-O
dxc4 9. Bxc4 b6 {Popular variation in modern practice.Sometimes black tries
also 9...a6 and 9... Nbd7 and not without success.} 10. Bg5 Bb7 11. Rc1 Nbd7
12. Re1 {White could try not to spent time on this move, and to play for
example} (12. Bh4 Rc8 13. Bd3 Bxc3 14. bxc3 Qe7 15. Ne5 Qd6 16. Nxd7 Nxd7 17.
Re1 Rfe8 18. Bg3 Qe7 19. Qa4 a6 20. c4 $14 {1-0 Wang Lei-Li Wenliang/Beijing
op 1997 (57)}) 12... Re8 (12... Bxc3 13. Rxc3 Qb8 14. Ne5 Nxe5 15. Rxe5 Nd7 16.
Ree3 Qd6 17. Qg4 Rfe8 18. Bb5 Rec8 19. Bxd7 Qxd7 20. Bf6 g6 21. h4 h5 22. Qg5
Kh7 23. Be5 Qd5 24. Rf3 {1-0 Acs,P-Vadasz,L/Budapest GM-4 1997}) 13. Qe2 {
[%cal Gf3e5] N/} (13. Bb5 $5 a6 14. Bxf6 gxf6 15. Ba4 b5 16. Bb3 Nf8 17. Re3
Rc8 18. d5 Bxc3 19. Rcxc3 Bxd5 {1/2-1/2 Atalik,S-Brodsky,M/Bucharest CIO 1995})
13... a6 14. Ne5 ({Deserves attention} 14. a4 $5) 14... b5 15. Bd3 Qb6 $11 {
[%csl Gb6,Rd4] It looks for me that black more or less equalized chances} 16.
a3 (16. Nxd7 Nxd7 17. Qg4 Nf8 $11) 16... Bxc3 17. Rxc3 h6 18. Nxd7 (18. Be3 Qd6
{[%csl Gd5][%cal Gf6d5]}) 18... Nxd7 19. Be3 Qd6 {White must to be careful now,
after so many exchanges they have no too many chances for real attack.} 20. Qg4
Nf6 21. Qh4 Nd5 22. Rc5 {[%cal Re3h6]} e5 ({Thorhalsson could get nice
position after simple} 22... Nxe3 23. fxe3 (23. Rxe3 Rad8 24. Rg3 {[%cal Rg8f8]
} Kf8 {[%csl Rd4]}) 23... e5 {but he pretends for more}) 23. Bd2 $6 {Too
optimistic.After} (23. Qe4 $1 f5 $5 (23... g6 24. Bxh6 exd4 (24... Nf4 25. Qxb7
Nxd3 26. Rc6 Qe7 (26... exd4 $2 27. Qxa8 Rxa8 28. Rxd6 Nxe1 29. Rxd4 $18) 27.
Qxe7 Rxe7 28. Re3 Nxb2 29. Rxe5 Rxe5 30. dxe5 Nc4 31. e6 $1 fxe6 32. a4 $36)
25. Qxe8+ Rxe8 26. Rxe8+ Kh7 27. Bf8 $13) 24. Qxf5 exd4 25. Qh7+ Kf7 26. Qf5+
Kg8 $11 {Petursson could make draw, instead he continue to play for a win, but
without any basis for it.}) 23... Nf4 $1 (23... exd4 24. Rxe8+ Rxe8 25. Qxd4
$14) 24. Rcxe5 $2 {Decisive mistake, but even after best} (24. Bxf4 exf4 25.
Rd1 Qxd4 $1 $17 {blacks advantage is obvious.}) 24... Rxe5 25. dxe5 Qd5 $1 $19
{[%cal Rd5g2,Rd5d3]} 26. Qg3 Nxd3 27. Bxh6 Qxg2+ $1 {Final blow! Rest is easy
and doesn,t needs any comments.} 28. Qxg2 Bxg2 29. Re3 gxh6 30. Rxd3 Be4 31.
Rd4 Bf5 32. Rd6 Kg7 33. f4 Rc8 34. Rxa6 Rc1+ 35. Kf2 Rc2+ 36. Kg3 Rxb2 0-1

[Event "Herzliya"]
[Site "Herzliya"]
[Date "1998.09.08"]
[Round "3"]
[White "Psakhis, Lev"]
[Black "Zifroni, Dov"]
[Result "1/2-1/2"]
[WhiteElo "2560"]
[BlackElo "2510"]
[Annotator "Psakhis,L"]
[PlyCount "77"]
[EventDate "1998.09.??"]
[EventType "tourn"]
[EventRounds "11"]
[EventCountry "ISR"]
[EventCategory "10"]
[SourceTitle "EXT 1999"]
[Source "ChessBase"]
[SourceDate "1998.11.16"]
[SourceVersion "1"]
[SourceVersionDate "1998.11.16"]
[SourceQuality "1"]

1. e4 c6 2. c4 d5 3. exd5 cxd5 4. d4 Nf6 5. Nc3 e6 6. Nf3 Bb4 7. Bd3 dxc4 8.
Bxc4 O-O 9. O-O b6 10. Bg5 Bb7 11. Re1 Nbd7 12. Bd3 Bxc3 13. bxc3 Qc7 14. Rc1
Rfe8 15. Bh4 (15. c4 h6 (15... Qd6 $5) 16. Bh4 Nh5 17. Nd2 Nf4 18. Bg3 g5 19.
Be4 Bxe4 20. Rxe4 $36 {1-0 Ibragimov,I-Cosma,I/Cappelle le Grande op 1998 (40)}
) (15. Ne5 Nxe5 16. Rxe5 Qc6 $1 17. f3 Nd7 18. Re2 Qd6 19. Bh4 Rac8 20. Qc2 Nf8
21. Bb5 Bc6 $11 {1/2-1/2 Vaiser-Bishoff/Tunis op 1997 (26)}) 15... Qd6 (15...
Bc6 16. Ne5 Nxe5 17. dxe5 Nd7 18. Qh5 Nf8 19. Re3 Qb7 20. Bf6 $1 Bxg2 21. Bxh7+
Nxh7 22. Rg3 {1-0 Acs,P-Vadasz,L/Budapest-8 GM 1997}) (15... Qf4 $5 16. Bg3 Qh6
17. Ne5 Nxe5 18. Rxe5 Rac8 19. c4 Red8 20. Re3 Nh5 21. Bh4 Rd7 $11 {0-1 Gara,
A-Eperjesi,L/Budapest-9 IM-B 1998 (53)}) 16. Bg3 Qa3 17. Ne5 {N} (17. Qb3 $5
Qe7 (17... Qxb3 18. axb3 Bxf3 19. gxf3 $14) 18. Bb5 Rec8 19. c4 Ne4 20. Bf4
Ndf6 21. Ba4 Ng4 22. Rc2 Qf6 23. Be5 Qd8 $13 {1-0 Vyzmanavin,A-Djuric,S/
Tilburg 1993 (40)}) 17... Nxe5 (17... Qxa2 18. Nc4 (18. Ra1 $2 Qd5) 18... Bd5 (
18... Be4 19. Nd6 (19. Re2 Bxd3 $5 20. Rxa2 Bxc4 $16) 19... Bxd3 20. Nxe8 Bg6
21. Nd6 Qd5 22. c4) 19. Ra1 Bxc4 20. Rxa2 Bxa2 21. c4 b5 $8 22. cxb5 $16) 18.
dxe5 (18. Bxe5 Nd7 (18... Qe7 19. c4 $14) 19. Bb5 Red8 (19... Nxe5 20. Bxe8
Nf3+ $1 21. gxf3 Rxe8 22. Re3 $14) 20. Bxd7 Rxd7 21. Qg4 Qf8 $11) 18... Nd5 19.
Qf3 (19. Qc2 h6 20. Bh7+ Kh8 21. Be4 Rac8) 19... Qe7 $2 (19... Qxa2 $5 20. c4 (
20. Qe4 g6 21. Bh4) 20... Nb4 21. Bxh7+ Kxh7 22. Qxb7 Kg8 23. Qe4 $132) 20. Qe4
f5 (20... g6 21. Bh4 $36) 21. exf6 Nxf6 22. Qh4 $36 Qd7 {1h29} 23. Rcd1 Qc6 24.
Qh3 (24. f3 $5 Qxc3 $140 25. Be5 Qc5+ 26. Kh1 Qe7 27. Bxf6 gxf6 28. Rxe6 $16 (
28. Bxh7+ Qxh7 29. Qxh7+ Kxh7 30. Rd7+ Kg6 31. Rxb7 e5 $11)) 24... h6 {1h36} (
24... Rad8 $5 25. Be5 Rd7 $14) 25. Be5 Rf8 $8 {1h39} (25... Nd7 $6 26. Be4 Qc8
27. Bxg7 $1 Kxg7 (27... Bxe4 28. Rxe4 Kxg7 29. Rg4+ Kh7 (29... Kf8 30. Qxh6+
Ke7 31. Qg5+ $18) 30. Qd3+ $18) 28. Qg4+ Kh8 (28... Kf8 29. Qf3+ $18) 29. Bxb7
Qxb7 30. Qd4+ e5 31. Qxd7 Qxd7 32. Rxd7 $18) 26. Re3 $1 (26. Bd6 Rf7 27. Bg6
Rd7) (26. Bxf6 Rxf6 27. Be4 Qc7 (27... Qxe4 28. Rxe4 Bxe4 29. Rd7) 28. Bxb7
Qxb7 29. Rxe6 Qf7 $16) 26... Qa4 $1 {1h43} 27. Qxe6+ Kh8 28. Ree1 (28. Rde1 Bd5
(28... Rae8 29. Qf5 Bc8 30. Qg6 Qg4 31. Qxg4 Bxg4 32. Bxf6 Rxe3 33. Bxg7+ Kxg7
34. Rxe3 $18) 29. Qf5 Qg4 30. Qxg4 (30. Rg3 Qxf5 31. Bxf5 Bxa2) 30... Nxg4 31.
R3e2 Nxe5 32. Rxe5 Bxa2 $11) 28... Rae8 29. Qc4 Bc6 $1 (29... Qxc4 30. Bxc4 Ne4
31. Bd4 Rc8 32. Bb3 Rfe8 (32... Nxc3 33. Re7 $18) 33. f3 $18) 30. Bd4 (30. Bxf6
$5 Rxe1+ 31. Rxe1 Rxf6 32. Qxa4 Bxa4 33. Re3 Rd6 34. Kf1 $16) 30... Nd5 $5 31.
Qxa4 (31. f3 Rc8) 31... Bxa4 32. Bg6 $6 $138 (32. Rc1 $5 $16) 32... Rc8 33. Rc1
Nf4 34. Bb1 $6 (34. Re7 $5 Nxg6 35. Bxg7+ (35. Rxg7 Nf4 (35... Rfd8 36. Bf6 Nf4
37. Rg4+ Kh7 38. Rxf4 $18) 36. Rxa7+ Kg8 37. Rg7+ Kh8 38. Re1 Rfe8 39. Re3 (39.
Ree7 Rxe7 40. Rxe7+ Kg8 $11) (39. Rxe8+ Rxe8) 39... Rxe3 40. Rc7+ Kg8 41. Rxc8+
Re8 42. Rxe8+ Bxe8 43. Bxb6 Ne2+ 44. Kf1 Nxc3 45. a3 $14) 35... Kg8 36. Bxf8
Nxe7 (36... Rxf8 37. Rxa7 Nf4 $5 38. Re1 $18) 37. Bxe7 Re8 $16) 34... Bb5 $1
$44 35. Rc2 Rfe8 36. Be3 Nd5 $11 37. Bd2 (37. Rd2 Nxe3 38. Rxe3 Rxc3 $11) 37...
Rxe1+ 38. Bxe1 Bd3 39. Rc1 (39. Rc1 Bxb1 40. Rxb1 Nxc3 41. Rb2 $11) 1/2-1/2

[Event "Krynica zt"]
[Site "Krynica"]
[Date "1998.09.03"]
[Round "2"]
[White "Acs, Peter"]
[Black "Balogh, Tomas"]
[Result "1-0"]
[WhiteElo "2500"]
[BlackElo "2425"]
[Annotator "Psakhis,L"]
[PlyCount "59"]
[EventDate "1998.09.02"]
[EventType "swiss"]
[EventRounds "9"]
[EventCountry "POL"]
[SourceTitle "CBM 067"]
[Source "ChessBase"]
[SourceDate "1998.11.30"]
[SourceVersion "2"]
[SourceVersionDate "1998.11.01"]
[SourceQuality "1"]

1. e4 c6 2. d4 d5 3. exd5 cxd5 4. c4 Nf6 5. Nc3 e6 6. Nf3 Bb4 7. Bd3 dxc4 8.
Bxc4 O-O 9. O-O Nbd7 10. Bg5 h6 (10... Bxc3 11. bxc3 Qc7 12. Bd3 $5 Qxc3 13.
Re1 b6 14. Ne5 Nxe5 (14... Bb7 15. Rc1) 15. dxe5 Nd5 16. Rc1 Qa3 17. Qf3 $44 {
1-0 Estremera,P-Lorenzo,M/Orense op 1997 (50)}) 11. Bh4 Qa5 12. Re1 {N} (12.
Rc1 Bxc3 $5 13. Rxc3 b5 14. Bb3 b4 15. Rc1 Bb7 16. Re1 Rac8 (16... Qh5 17. Bg3
Bxf3 18. Qxf3 Qxf3 19. gxf3 Nb6 20. Bd6 Rfd8 21. Bxb4 Rxd4 $13 {0-1
Martinovsky,E-Takata,R/Hawaii op 1998 (49)}) 17. Ne5 Bd5 18. Qd3 Bxb3 19. Nxd7
Nxd7 20. Qxb3 Rfe8 21. Rxc8 Rxc8 22. Be7 Qb6 23. Qxb4 Rc2 24. Qa4 Qc7 25. Bc5
Rxb2 26. Bxa7 Nf6 27. d5 Nxd5 28. Bd4 Rb4 29. Qa8+ Kh7 30. Ba1 Qc2 31. Qf8 Qg6
32. Be5 Rb1 {0-1 Babula,V-Oll,L/EUCup Krunica 1997}) 12... Bxc3 13. bxc3 b6 (
13... Qxc3 14. Rc1 Qa5 15. Ne5) (13... b5 $5 14. Bd3 Bb7) 14. Ne5 Bb7 (14...
Qxc3 15. Rc1 Qa5 16. Nxf7 $1 Rxf7 17. Bxe6 Ba6 (17... Bb7 18. Bxf6 $1 Nxf6 19.
Bxf7+ Kxf7 20. Rc7+ $18) (17... g5 18. Qb3 gxh4 19. Bxf7+ Kh8 20. Re7 $36) 18.
Bxf6 (18. Rc7 g5 19. Bg3 $40 {[%cal Rc7f7,Re6f7,Rd1b3,Rc7a7]} (19. Bxf7+ $6
Kxf7 20. Rxd7+ $2 Nxd7 21. Qf3+ Nf6 $19 {[%cal Ra5e1]})) 18... Nxf6 19. Rc7
Raf8 20. Rxa7 $16) 15. Nxd7 Nxd7 16. Bd3 Rac8 ({It was very dangerous to take
pawn.After} 16... Qxc3 {or simply play on advantage in development.} 17. Rc1 (
17. Bb5 Qc7 18. Rc1 Qd6 (18... Qf4 $5 19. Bg3 Qg5 20. d5 (20. Bxd7 $2 Qd5)
20... Nc5 $13) 19. d5 e5 (19... Bxd5 $2 20. Bg3) 20. Bc6 Rab8 $11) ({white can
start attack with} 17. Re3 $5 Qa5 18. Qg4 {[%cal Re3g3]} Kh8 19. Rg3 $1 (19.
Be7 Rfe8 20. Rg3 Rg8 21. Rh3 Qd5 22. Bg5 f5 $132) 19... Rg8 20. Bg5 {[%csl Rh8]
[%cal Rg4h4,Rg5h6]} Qa3 (20... Qd5 21. Qh4 $40) 21. Qh5 Qf8 $8) 17... Qa5 18.
Rc7 Bc8 19. Qe2 $44) 17. c4 $14 {^^} Kh8 18. Qg4 {[%cal Ge1e3,Ge3g3]} Qc3 {
It is not easy to find good plan for a Black and Balogh decided to sacrifice
an exchange.} 19. Rad1 Rxc4 $5 20. Bxc4 Qxc4 21. Rc1 Qxa2 (21... Qd5 $5 22. f3
$5 $14 (22. Rc7 g5 $5)) 22. Rc7 Qd5 (22... Qa5 23. Rec1 Qd5 24. Qf3 $18) 23.
Qf3 $1 Qa5 $8 (23... Qxf3 24. gxf3 Bc8 25. Rec1 $18) 24. Qe3 Qd5 $8 25. f3 {
[%cal Re3e4,Rc7d7,Rc7b7]} Nb8 $2 {Decisive mistake, clearly stronger was} (
25... Rc8 $5 26. Rec1 Rxc7 27. Rxc7 {[%cal Re3e4]} f5 $14 {and black can
organized resistance.}) 26. Qf4 $5 (26. Qa3 $1 Kg8 (26... Qxd4+ 27. Bf2 $18)
27. Qxa7 Ba8 28. Qxb6 $18) 26... f6 (26... g5 27. Qf6+ Kg8 28. Bg3 $18) (26...
Na6 27. Rxf7 Rxf7 28. Qxf7 Qxd4+ 29. Bf2 Qd5 30. Rxe6 $18) 27. Qg4 $18 Rg8 (
27... Nd7 28. Qxe6 $18) (27... g5 28. Qh5 $18) 28. Rxg7 $1 Rxg7 29. Bxf6 Qd7
30. Rxe6 (30. Rxe6 Bd5 (30... Bc6 31. Qg6 Qc7 32. Rd6) 31. Re8+ Kh7 32. Qxg7+
Qxg7 33. Bxg7 Kxg7 34. Rxb8 $18) 1-0

[Event "Torshavn op 3rd"]
[Site "Torshavn"]
[Date "2000.10.11"]
[Round "6"]
[White "Psakhis, Lev"]
[Black "Hillarp Persson, Tiger"]
[Result "1/2-1/2"]
[WhiteElo "2611"]
[BlackElo "2549"]
[Annotator "Psakhis,L"]
[PlyCount "61"]
[EventDate "2000.10.06"]
[EventType "swiss"]
[EventRounds "9"]
[EventCountry "FAI"]
[SourceTitle "CBM 078 Extra"]
[Source "ChessBase"]
[SourceDate "2000.11.10"]
[SourceVersion "1"]
[SourceVersionDate "2000.11.10"]
[SourceQuality "1"]

1. c4 c6 2. e4 d5 3. exd5 cxd5 4. d4 Nf6 5. Nc3 e6 6. Nf3 Bb4 7. Bd3 dxc4 8.
Bxc4 O-O 9. O-O b6 10. Bg5 Bb7 11. Rc1 Nbd7 12. Bd3 Rc8 13. Re1 Re8 14. Qe2
Bxc3 15. bxc3 Qc7 16. Bh4 Nh5 (16... Qd6 17. Ba6 Bxa6 18. Qxa6 Qb8 19. c4 Qa8
20. a4 Ne4 21. Qb5 Rc7 22. Qb1 Nd6 23. Bg3 Rc6 24. Bxd6 Rxd6 25. a5 Rc8 {
1/2-1/2 Gulko,B-Short,N/New York (m/4) 1994/[Gulko,B] (34)}) (16... Qf4 17. Bg3
Qg4 18. h3 Qh5 19. a4 Qa5 20. c4 Qh5 21. a5 Red8 22. Red1 h6 23. Ra1 Bxf3 24.
Qxf3 Qxf3 25. gxf3 Nb8 {1/2-1/2 Toth,A-Vadasz,L/Budapest-12 GM 1998 (29)}) 17.
Ng5 $146 (17. Qe3 Qf4 (17... Ndf6 18. Ne5 Nd5 19. Qf3 Ndf4 20. Be4 Bxe4 21.
Rxe4 f6 22. Nd3 Nxd3 23. Qxd3 f5 24. Ree1 Nf4 {Gligoric,S-Browne,W/Novi Sad
1979/0-1 (72)}) 18. Bb5 Bc6 19. Ba6 Bxf3 20. Bxc8 Rxc8 21. Qxf3 Qxh4 22. Qb7
Qd8 23. Qxa7 Nf4 $17 {0-1 Stein,B-Brunner,L/Dortmund op 1993 (39)}) (17. Bxh7+
$6 Kxh7 18. Ng5+ Kg6 (18... Kg8 $5 19. Qxh5 Nf6 20. Qe2 Qf4 21. g3 Qf5 $44 {
[%csl Rg1][%cal Gb7h1]}) 19. g4 Qf4 $1 20. gxh5+ Kh6 21. Qe3 Qg4+ 22. Qg3 Kxh5
$17 {Knaak,R-Sturua/Trnava i 1980/Inf 29/0-1 (62)}) 17... g6 (17... Nf4 18.
Bxh7+ Kh8 (18... Kf8 19. Qb5 Nxg2 20. Qb4+) 19. Qc2 f5 $140 20. Bg3 {[%csl Gg3]
[%cal Rg3c7]}) 18. Qd2 (18. Qe3 $5) 18... Bd5 (18... Bxg2 19. Kxg2 (19. f3)
19... Qf4 20. Re2 $1 $18) 19. f3 (19. c4 $5 Bb7 $13 (19... Bxg2 $2 20. Kxg2 Qf4
21. Re2 Qxh4 $140 22. Re4 $18 {[%csl Rh4]})) 19... Bc4 20. Bb1 Qf4 21. Qf2 {
[%cal Gg2g4]} (21. Qxf4 Nxf4 22. Ne4 Rc6 $13) 21... f5 $1 22. Nh3 Qd6 23. Bg5
b5 24. Qh4 {[%cal Gg2g4]} e5 $5 25. Rcd1 (25. Bxf5 gxf5 (25... exd4 26. Be7)
26. Qxh5 Bxa2 $13) 25... exd4 26. Rxd4 Rxe1+ 27. Qxe1 Qe6 28. Qd2 (28. Qxe6+
Bxe6 29. a4 $5) 28... Re8 $1 29. Bh4 (29. Rxd7 Qe1+ 30. Qxe1 Rxe1+ 31. Kf2 Re2+
$11) 29... Nb6 (29... Ndf6 30. a4 $140 $2 bxa4 $1 31. Rxc4 Qb6+) 30. Rd8 Nd5
31. Rxe8+ (31. Rxe8+ Qxe8 32. Bf2 a6 33. Bd4 Ng7 $15) 1/2-1/2

[Event "American Continental 14th"]
[Site "Montevideo"]
[Date "2018.06.05"]
[Round "6"]
[White "Flores, Diego"]
[Black "Shankland, Samuel L"]
[Result "0-1"]
[WhiteElo "2614"]
[BlackElo "2717"]
[Annotator "Quintiliano,R"]
[PlyCount "64"]
[EventDate "2018.06.01"]
[EventType "swiss"]
[EventRounds "11"]
[EventCountry "URU"]
[SourceTitle "CBM 185"]
[Source "ChessBase"]
[SourceDate "2018.07.13"]
[SourceVersion "1"]
[SourceVersionDate "2018.07.13"]
[SourceQuality "1"]

{This was a highly interesting encounter at the American Continental, as
Shankland, after winning the US Championship and the Capablanca Memorial, came
to Montevideo as the top seed, looking to continue his victorious streak. On
the other side of the board, the Argentinian GM Diego Flores is a very
dangerous player with a tactical and creative style, who has also been in
great shape in recent years, having achieved impressive results as the first
place at the last Dubai Open. These are the perfect precondtions for a great
battle!} 1. c4 e6 2. d4 Nf6 3. Nc3 Bb4 4. e3 O-O 5. Bd3 d5 6. Nf3 dxc4 {
Shankland is the first one to deviate from the main lines, although this move
has been played in some recent games by top GMs.} (6... c5 {and}) (6... b6 {
are more often seen.}) 7. Bxc4 c5 8. O-O cxd4 (8... Bd7 $5 {was played by
Aronian in a recent game.}) 9. exd4 b6 {After a small transposition we have a
very popular position on the board, with a lot of games between strong players.
White is left with an isolani, but in return his pieces are quickly developed
and he is able to exert strong pressure in the centre.} 10. Bg5 Bb7 11. Rc1 (
11. Qe2 {is the main move} Nbd7 12. Rac1 Qb8 $5 {Black got a good position
with this interesting regrouping of pieces} 13. Rfd1 (13. Ne5 Nxe5 14. dxe5
Bxc3 $1 15. Bxf6 gxf6 16. Rxc3 Qxe5 17. Re3 Qf4 18. Qh5 Be4 $1) 13... Rc8 14.
Bd3 Bd6 15. g3 a6 16. Bxf6 Nxf6 17. Ne4 Rxc1 18. Rxc1 {Gelfand,B (2740)
-Kramnik,V (2810) FIDE Candidates 2013 (7) 1/2} Be7 $11) 11... Nc6 {The knight
seems more naturally placed on d7, but this has also been played by Nakamura,
Ding, Caruana and others. Now Black has additional ideas like Na5 or Ne7.} (
11... Nbd7 {is the main move, and after} 12. Qe2 {we are in the main line by
transposition.}) 12. a3 (12. Qd3 $5 {was played by Aronian, but the game shows
some of Black's ideas} Rc8 13. Rfd1 Na5 14. Bb5 (14. Ba6 Bxa6 15. Qxa6 Bxc3 16.
bxc3 Nc4 $1 17. Qxa7 $2 Rc7 18. Qa6 Qd5 {[%csl Ra6][%cal Gf8a8]}) 14... h6 15.
Bh4 Bxc3 16. bxc3 Qd5 $1 {a very instructive move, as the c4-square is very
important in such structures, even more than the kingside pawns} 17. c4 (17.
Bxf6 gxf6 {[%csl Yc4] White is forced now to play c3-c4, or Nc4 on the next
move is annoying}) 17... Qh5 18. Bxf6 gxf6 {[%cal Yg8h8,Yf8g8,Gb7h1] actually
Black is the side who threatens to start an attack on the kingside, so White
should take active measures} 19. d5 $1 exd5 20. c5 $1 Nc4 $1 $132 {Aronian,L 
(2797)-Caruana,F (2820) Tata Steel-A 77th 2015 (7) 1/2 and the game became
very sharp -} (20... bxc5 21. Qc3 $1 {[%csl Ga5,Gf6]} d4 22. Qxa5 Bxf3 23. gxf3
Kh8 $1 $40 {[%csl Rg1][%cal Gf8g8]})) 12... Be7 13. Ba2 {Anticipating ...Na5
or ...Rc8 ideas.} (13. Qd3 h6 14. Be3 (14. Bh4 Nh5 $1) 14... Bd6 15. Ba6 Bxa6
16. Qxa6 Ne7 $11 {Onischuk,A (2664)-Nakamura,H (2787) USA-ch Saint Louis 2016 
(9) 1/2}) 13... Rc8 14. Re1 ({Another game went} 14. Qd3 h6 15. Be3 (15. Bh4
Nh5) 15... Bd6 $1 16. Rfd1 Ne7 {[%csl Yd5] with the last two moves, Black
achieves a nice position, safely protecting the d5-square} 17. Ne5 Bxe5 18.
dxe5 Qxd3 19. Rxd3 Nfd5 $11 {Le Quang Liem (2737)-Ding Liren (2777) 2nd IMSA
Basque 2017 (1.1) 1/2}) 14... h6 (14... Nd5 {forcing some exchanges also seems
natural} 15. Bd2 Nxc3 16. Bxc3 Bf6 17. d5 exd5 18. Bxd5 {Granda Zuniga,J (2628)
-Andersson,U (2594) Capablanca Memorial Elite 38th 2003 (7) 1/2 with some tiny
pressure for White -}) 15. Bh4 Nh5 16. Bg3 (16. Bxe7 Nxe7 17. Ne5 {[%csl Gh5]
[%cal Ye5f7]} Nf4 $1 {[%cal Yf4d5] is ok for Black.}) 16... Nxg3 17. hxg3 {
[%cal Yd4d5] The drawback of Black's plan is that d5 is not properly guarded
now.} Bf6 18. d5 $1 {Since Black was ready to play ...Ne7 and keep the isolani
under control, White should take the opportunity to make this advance.} exd5
19. Nxd5 $1 {Flores plays actively and seeks the advantage.} (19. Bxd5 {
would be harmless} Na5 (19... Rc7 $5 20. Re2 Rd7 21. Rd2 Nd4 $5 22. Rxd4 Bxd4
23. Qxd4 Bxd5 24. Ne5 Be6 25. Nxd7 Qxd7 26. Qxd7 Bxd7 $11) 20. Bxb7 Nxb7 21.
Nd5 Rxc1 22. Nxf6+ Qxf6 23. Qxc1 Nc5 $11) 19... Bxb2 {Shankland accepts the
challenge.} (19... Qd6 20. Nd2 $1 {[%cal Yd2e4] would be pleasant for White.})
20. Rc2 Bxa3 (20... Bf6 {would put Black in trouble after} 21. Rd2 Bg5 22. Nf4
$1 Qf6 23. Nh5 $1 Qg6 24. Nxg5 hxg5 25. Rd6 Qh7 26. Qg4 $18) 21. Rd2 $36 {
For the investment of 2 pawns, White has obtained full centralisation of his
forces, and Black faces problems with the development, especially with the
queen which faces some annoying discovered threats.} Bc5 22. Nc3 Qc7 ({For
example} 22... Qf6 23. Ne4 Qg6 24. Nh4 Qh7 25. Nxc5 bxc5 26. Rd7 Ba8 27. Rxf7
$1 $18) 23. Rd7 Qb8 (23... Qxg3 $2 {was too greedy} 24. Ne4 Qb8 25. Qd3 $1 {
[%cal Ge4f6,Ge4g5] with very strong threats.}) 24. Ng5 $6 {A bit rushed.} (24.
Ne4 $1 {would prepare to bring one of White's knights to g5 with a strong
attack, for example} Be7 25. Nh4 $1 {[%cal Yh4f5,Yh4g6]} Bxh4 26. Nd6 $3 {
[%csl Gb7,Gf7]}) 24... Nd8 $2 ({The difficult} 24... Ne5 $1 {would have solved
Black's problems, but there are many difficult variations to calculate and
assess} 25. Nxf7 $5 (25. Qh5 Nxd7 26. Bxf7+ Kh8 27. Qg6 Nf6 28. Ne6 Rxf7 29.
Qxf7 Qxg3 $19) (25. Rxb7 Qxb7 26. Rxe5 hxg5 $19) (25. Rxe5 Qxe5 26. Nxf7 Bxf2+
$1 27. Kxf2 Rxc3 $19 {[%cal Yf8f1]}) 25... Nxd7 26. Ne5+ Kh8 27. Ng6+ Kh7 28.
Qd3 Bxf2+ 29. Kh1 Bxg2+ $1 30. Kxg2 Qxg3+ $1 31. Qxg3 Bxg3 32. Nxf8+ Nxf8 $19 {
[%csl Rc3]}) 25. Nge4 Rc7 $2 {Giving an incredible chance for White.} ({
The prophylactic} 25... Kh8 $1 {would prevent the winning idea} 26. Nxc5 Rxc5
27. Ne4 Bxe4 28. Rxe4 $13 {White still keeps some pressure for the pawns, but
Black is solid.}) 26. Qg4 $2 {But Flores misses it.} (26. Nf6+ $3 {was the
winning move} gxf6 (26... Kh8 27. Qd3 g6 (27... gxf6 28. Bb1 $18 {[%csl Rh7]})
28. Bxf7 $1 Rxd7 29. Qxg6 {[%cal Rg6h6] and mate} Bxf2+ 30. Kxf2 Rd2+ 31. Ne2
$18) 27. Qg4+ Kh8 28. Qf5 $1 {[%cal Ya2b1,Gf5f6] Black is simply defenceless
against Bb1:} Bxf2+ (28... Ne6 29. Bb1 Ng5 30. Qxf6+ Kg8 31. Qxh6 $18) 29. Kxf2
Rxc3 30. Qxf6+ Kh7 31. Qxc3 $18) 26... Rxd7 {The bad news is that White not
only missed the winning move, but his position is already lost.} 27. Nf6+ (27.
Qxd7 Qe5 $1 $19) 27... Kh8 28. Qf5 {Unfortunately for White, the same idea
doesn't work anymore.} (28. Nxd7 Bc8 $1 {is the move that keeps Black two
pawns up} 29. Bb1 Bxd7 30. Qxd7 Ne6 $17) 28... g6 29. Qh3 (29. Qxd7 Qxg3 $19)
29... Bxf2+ $1 {Launching a simple and winning forcing attack.} 30. Kxf2 (30.
Kh1 {the simplest is} Bxg2+ $1 31. Kxg2 Qxg3+ $1 32. Qxg3 Bxg3 33. Re3 Rd6 34.
Nfe4 f5 $1 35. Nxg3 f4 36. Rf3 Rd2+ 37. Nge2 Nc6 $19 {too many pawns for Black.
}) 30... Rd2+ 31. Ke3 Qe5+ 32. Nce4 (32. Kxd2 Qxf6 33. Qxh6+ Kg8 34. Rh1 Qg7
$19) 32... Qd4+ {In the end, White is the one who gets mated.} 0-1